[Event "Match 70__120'/40"]
[Site "Zürich"]
[Date "2022.??.??"]
[Round "15"]
[White "CXG Sphinx 40 most agg"]
[Black "CXG Sphinx Legend"]
[Result "1-0"]
[WhiteElo "1780"]
[BlackElo "1816"]
[Annotator "Utzinger,K"]
[PlyCount "154"]
[EventDate "2022.??.??"]

{[%evp 0,154,19,31,14,1,-3,6,6,17,22,17,11,31,44,39,36,52,49,27,28,21,92,81,81,
55,53,32,91,85,84,86,72,53,62,20,37,37,42,37,51,57,61,61,46,28,36,0,86,-24,61,
-12,-5,-5,97,5,0,0,18,20,22,9,34,49,71,0,41,26,64,48,154,173,159,85,80,55,70,0,
58,29,46,43,43,22,26,0,43,43,39,11,12,20,44,32,23,28,39,14,24,0,0,-52,-52,-52,
-52,-51,0,0,0,0,0,0,0,0,19,0,26,33,51,64,84,84,100,21,-24,-49,-48,-89,196,0,81,
77,119,0,0,0,0,0,0,0,0,0,0,0,763,798,801,200,822,895,962,972,985,1042,1272,
1328,1458]} 1. d4 Nf6 {Match 120'/40 | Bediener: Rolf Bühler | 15. Partie:
Weiss (Sphinx 40) gewinnt | Zwischenstand: 7,5-7,5 (je 50%) unentschieden |
Damengambit klassisch mit 5.Lf4 steht zur Diskussion. Die für beide Seiten
schwierige Partie strotzt von Fragezeichen mit gegenseitigen Gewinnchancen und
verpassten Ausgleichs- und/oder Remischancen. Das ist vor allem dem Umstand
geschuldet, dass das Vorhandensein der Damen bei stark reduziertem Material
die Rechenkapazität beider Programme massgeblich gedrückt hat. Am Ende
hätte es Remis werden müssen. Aber da tauscht die Sphinx Legend die Damen
und erkennt nicht, dass ein feindlicher Freibauer sein Todesurteil bildet.} 2.
c4 e6 3. Nf3 d5 4. Nc3 Be7 5. Bf4 O-O 6. e3 c5 7. dxc5 {***ENDE BUCH***} Bxc5 {
***ENDE BUCH***} 8. Be2 Nc6 9. O-O dxc4 10. Bxc4 $14 {Der leichte
Eröffnungsvorteil von Weiss liegt in der momentan noch besseren Entwicklung
und der grösseren Bewegungsfreiheit seiner Figuren. Lösen muss Schwarz noch,
wie er seinen weissfeldrigen Läufer c8 zu mobilisieren gedenkt. Dazu gibt es
die verschiedensten Pläne.} Qb6 {Eine fragwürdige Neuerung. Offenbar findet
die Sphinx Legend vor lauter plausiblen Zügen (a6, De7, b6, Dxd1, Sh5) eine
ungünstigere Alternative.} 11. Na4 Qb4 12. Qc2 Be7 13. Rfd1 $6 {Verpasst es,
die ungünstige Lage der schwarzen Dame für Raumgewinn zu nutzen.} (13. a3 Qa5
14. b4 Qh5 15. Be2 $16 {und Weiss steht besser.}) 13... Bd7 $2 {Verpasst den
vollkommenen und nicht fernliegenden Ausgleich.} (13... b5 14. Bd3 bxa4 15.
Qxc6 Bb7 16. Qb5 Qxb5 17. Bxb5 a3 $11) 14. a3 Qa5 15. Nc3 Rac8 16. Ne4 $6 {
Nun ist es Weiss, der seinen Vorteil in den Wind setzt. Richtig war h3.} Rfd8
17. Nd6 Bxd6 18. Rxd6 b5 ({Genauer ist} 18... Qc5 19. Qd3 Ne7 $11) 19. Ba2 {
Auf der Diagonale f1-a6 wäre der Läufer kräftiger aufgestellt.} Nd4 {
Sieht doch lästig aus, aber der strategisch begründete Vorstoss 19...b4 war
stärker.} 20. Qd1 Nf5 21. b4 Qc7 ({Natürlich nicht} 21... Qxa3 $4 22. Bxe6
$18) 22. Rd3 Qb6 {[#]} 23. e4 $2 {Ein fehlerhafter Vorstoss, dessen taktische
Widerlegung allerdings für unsere Oldies zu tief versteckt ist} Ne7 $2 {
Wie erwartet findet Schwarz die taktische Widerlegung nicht, denn dafür wäre
eine auf Turnierstufe unerreichbare Suchtiefe von 12-13 Halbzügen im
Mittelspiel erforderlich.} (23... Nxe4 {Die Pointe ist, dass} 24. Rxd7 $2 {
scheitert an} Qxf2+ 25. Kh1 Qb6 26. Rxd8+ Rxd8 27. Qf1 Nf2+ 28. Kg1 Nd3+ 29.
Kh1 Nxf4 {und Schwarz hat zwei Bauern mehr}) 24. Bg5 $6 {Mehr als harmlos und
den Vorteil wegwerfend, was nach 24.Le3 oder auch 24.Le5 nicht der Fall wäre.}
Bc6 $11 25. Bxf6 {Aus Sicht der "Unergründlichen" ein logischer Entscheid,
der die schwarze Königsstellung schwächt, was im vorliegenden Fall indessen
keine Rolle spielt.} gxf6 26. Qe2 f5 $2 {Schwarz erkennt die Nachteile dieses
Vorstosses, die Schwächung des Feldes g5, nicht.} (26... Rxd3 27. Qxd3 Rd8 28.
Qc3 Kg7 $11 {ausgeglichen}) 27. exf5 $6 {Verpasst es, eine überlegene
Stellung zu erhalten.} (27. Ng5 h6 28. Nxe6 $1 Rxd3 29. Qxd3 Bxe4 30. Qg3+ Ng6
31. Rd1 $16 {mit deutlichem Vorteil}) 27... Rxd3 28. Qxd3 Rd8 29. Qc3 Nxf5 {
Die Lage hat sich geklärt und beruhigt. Die nun ausgeglichene Stellung
könnte mit einem friedlichen Remis enden.} 30. Re1 Bb7 31. Bb1 Rc8 32. Qd2 {
Dass Weiss die Zerschlagung seiner Bauernstruktur am Königsflügel zulässt,
ist erstaunlich. Eigentlich habe ich 32.Db3 erwartet.} Bxf3 33. Qg5+ Ng7 34.
gxf3 Rc3 $2 {Ein Verlustzug, aber durch die Sphinx Legend wohl nicht zu
erkennen.} (34... Qd4 35. Kg2 Qd5 $11 {sichert das Gleichgewicht.}) 35. Rd1 {
Droht Td8+ mit sofortigem Gewinn.} Rc8 36. Be4 {Verständlich, dass auch Weiss
den Gewinn durch 36.Dh6 gemäss möglicher Variante nicht erkennt.} (36. Qh6
Nf5 37. Qf6 Ng7 38. Rd7 Rf8 39. Kg2 {Schwarz gerät langsam in eine seltsame
Zugzwangstellung. So gehen z.B. a)...a6 oder ...Da6 nicht wegen Dh6, wonach
die einzige Verteidigung des Punktes h7 mit ...Sf5 an Lxf5 scheitert und der
e6-Bauer nicht nehmen darf wegen der ungedeckten Dame; und b) geht ...Dc6
nicht ohne den a7-Bauern zu verlieren; und c) sind Tf8 und Kg8 an die Deckung
des f7-Bauern gebunden; somit wäre} e5 {praktisch erzwungen} 40. Qxe5 $18 {
aber erstaunlicherweise besitzt Schwarz in dieser Stellung keine vernünftige
Verteidigung mehr gegen die kraftvolle Macht der weissen Figuren} a6 41. Rd6
Qb7 42. Be4 Qb8 43. Qf6 {usw.}) 36... Qc7 37. Qxb5 {Immerhin hat so wenigstens
ein schwarzer Bauer sein Leben lassen müssen.} f5 {Die Kraft des starken
Läufers muss endlich unterbunden werden.} 38. Bb1 $6 {Nur mit 38.Lb7 durfte
Weiss noch auf etwas Vorteil hoffen.} (38. Bb7 Rb8 39. Rd7 Qc1+ 40. Qf1 Qxa3
41. Qc4 $14) 38... Rd8 ({Nach} 38... Nh5 $11 {mit der Absicht ...Dg7+ und ...
Sf4 hat Schwarz noch bequemeren Ausgleich.}) 39. Qf1 {Auch der Turmtausch
beschert Schwarz ein leichtes Leben.} Rxd1 40. Qxd1 Qc3 $11 {Ein mächtige
Platz für die Dame. Für einen geübten Spieler ist es kaum denkbar, dass man
diese Stellung mit Schwarz noch verlieren kann.} 41. Qd8+ Kf7 42. Qd7+ Kg8 43.
Kg2 {Behebt die Drohung ...De1+ nebst ...Dxc1.} Qxa3 {Schwarz hat wieder
materiellen Gleichstand erreicht. Normalerweise ist der weisse Läufer besser
als der Springer in solchen Stellungen, doch hier bilden die e6- und f5-Bauern
eine lästige Blockade und lassen den Läufer nicht voll zur Geltung kommen.}
44. Qc8+ Kf7 45. Qc5 Kg8 46. Qc4 Kf7 47. Bd3 h6 48. Bc2 Kg6 49. Qd4 Qc1 50. Bb3
$2 {Eine schlechte Fortsetzung, wonach der Vorteil an Schwarz übergehen
könnte.} Qg5+ {Erkennt nicht den möglichen Gewinn, was indessen nicht
überraschend ist.} (50... Nh5 $1 51. Bd1 Nf4+ 52. Kh1 Nd5 53. Kg2 Qc7 $1 54.
Bb3 Qf4 55. Qd1 (55. Qxf4 Nxf4+ {Dieses Endspiel ist hoffnungslos für Weiss
mit seinen Bauernschwächen.}) 55... Qg5+ 56. Kh1 Nf4 57. Qf1 Qf6 $19 {und
Schwarz eine gewonnene Stellung}) 51. Kh1 Qc1+ ({Mit} 51... Nh5 {wäre Schwarz
wieder auf die Gewinnstrasse gelangt.}) 52. Bd1 e5 53. Qd6+ Kh7 54. Kg2 Qg5+ {
Die schwarzen Gewinnchancen haben sich in Luft aufgelöst.} 55. Kf1 Qf4 56. Qc5
Qxh2 57. Qxa7 Qh1+ 58. Ke2 Qh4 59. Bc2 Qc4+ 60. Bd3 Qe6 $2 $19 (60... Qxb4 61.
Bxf5+ Kg8 $11 {genügt zum Remis und war grundsätzlich logisch, weil ein
potenziell gefährlicher Freibauer von Weiss verschwindet. Nach dem
fehlerhaften und passiven Damenmanöver gerät Schwarz in schwere
Verlustgefahr.}) 61. Qe3 $2 $11 {Nach dem richtigen 61.Dc7! wäre Schwarz ins
Trubeln gekommen.} Nh5 62. Kf1 Nf4 63. Bb5 Kg8 $2 {Es gab verschiedene Wege,
um das Gleichgewicht weiterhin zu halten. Der Königszug wendet die Partie
wieder vollkommen.} 64. Qc3 $2 {Der weisse Gewinnweg ging über 64.Dc5.} Kh8
65. Qc5 Qf6 $2 {Rutsch erneut vom = in den Verlust.} 66. Qc7 $2 {Aber erneut
kann Weiss vom gegnerischen Fehler nicht profitieren.} (66. Bc4 $1 $18 {gewinnt
}) 66... h5 67. Bc4 h4 68. b5 h3 69. Qc8+ Kg7 70. Qg8+ Kh6 71. Qg3 {Die
Stellung ist wieder ausgeglichen.[#]} Qg6 $2 {Ein entscheidender Fehler, weil
nach Damentausch der weisse Freibauer auf der b-Linie tödlich ist und der
weisse Läufer in dieser Stellung dem gegnerischen Springer stark überlegen
ist.} 72. Qxg6+ Nxg6 73. Kg1 $2 {Leicht hätte 73.b6 gewonnen.} (73. b6 Nh4 74.
Kg1 Nxf3+ 75. Kh1 Nd4 76. Bd5 {und der weisse Freibauer ist nicht mehr
aufzuhalten.}) 73... Nh4 $2 {Verliert endgültig; Etwas Widerstand war noch
mit 73...Sf8 nebst Sd7 möglich.} 74. b6 Nxf3+ 75. Kh1 Nd4 76. Bd5 h2 77. b7
Kg5 {***AUFGEGEBEN***} 1-0

[Event "Match 70__120'/40"]
[Site "Zürich"]
[Date "2022.??.??"]
[Round "16"]
[White "CXG Sphinx Legend"]
[Black "CXG Sphinx 40 most agg"]
[Result "1-0"]
[WhiteElo "1816"]
[BlackElo "1780"]
[Annotator "Utzinger,K"]
[PlyCount "104"]
[EventDate "2022.??.??"]

{Match 120'/40 | Bediener: Rolf Bühler | 16. Partie: Weiss (Sphinx Legend)
gewinnt | Zwischenstand: 8,5-7,5 (53,1%) für die Sphinx Legend | Mit seiner
Nimzoindischen Verteidigung geht die Sphinx 40 chancenlos unter. Eigentlich
hätte der Kampf bereits nach der Eröffnung entschieden werden können. Doch
tut sich die Sphinx Legend schwer, seine Vorteile auf dem schnellsten Weg zu
realisieren. Allerdings ist die weisse Stellung derart vorteilhaft, dass am
verdienten Sieg der Sphinx Legend nie Zweifel aufkommen kann.} 1. c4 Nf6 {
***ENDE BUCH***} 2. Nf3 e6 3. Nc3 Bb4 4. d4 {***ENDE BUCH***} Ne4 5. Bd2 ({Nach
} 5. Qc2 f5 {wäre der Übergang in die Holländische Verteidigung möglich
gewesen.}) 5... Nxd2 6. Nxd2 {Kaum ein menschlicher Schachspieler käme auf
die Idee, mit dem Springer zu schlagen und so einen Entwicklungszug
zurückzunehmen.} Nc6 {Ausnahmsweise ist diese Entwicklung des Springers nach
c6, bevor der c-Bauer nach c5 gezogen hat, in Ordnung, weil er einen
ungedeckten Bauern angreift und ...e5 vorbereitet.} 7. e3 ({Nach} 7. Nf3 {
kann sich Schwarz wie folgt weiterentwickeln} d6 8. Rc1 O-O 9. e3 e5 $11) 7...
Qg5 $6 {Mit solchen komischen Zügen ist wirklich kein Staat zu machen.} 8. Nf3
(8. Nde4 {mit weissem Vorteil ist besser}) 8... Bxc3+ 9. bxc3 Qg6 10. Bd3 {
Weiss findet den richtigen Weg, um doch noch geringen Vorteil zu erhalten.}
Qxg2 11. Rg1 Qh3 12. Rxg7 Qh6 13. Rg5 {Hier hat der Turm nichts zu suchen.} f6
$6 {Das könnte sich einmal als Schwächung der Königsstellung erweisen. Da
Weiss so oder so irgendwann Tb1 spielen wird, macht 13...b6 einen
vernünftigen Eindruck, um den Läufer nach b7 auf eine schöne Diagonale zu
stellen.} 14. Rg3 f5 $6 {Das schwächt auch noch die dunklen Felder g5 und e5.}
15. Rb1 {Es gibt aktivere Fortsetzungen:} (15. d5 $1 $16 {erzeugt Unruhe im
schwarzen Lager.}) (15. Ng5 $5 {mit der Idee f2-f4 sieht ebenfalls gut aus.}) {
[#]} 15... f4 $2 {Endlich etwas Aktives, mag sich Schwarz gedacht haben. Und
auf den ersten Blick wirkt dieser Vorstoss nicht übel. Die modernen Engines
decken den Textzug jedoch bereits als entscheidenden Fehler auf, wobei der
Gewinn auf tiefen Varianten basiert, die nicht nur unsere Oldies überfordern.}
16. exf4 Qxf4 $6 {So geht es am schnellsten abwärts.} (16... Rf8 {ist etwas
besser, aber ebenso wenig genügend nach} 17. Ng5 Rxf4 18. Rb5 $1 {droht Th3}
e5 {erzwungen} (18... b6 19. Nxe6 $1 dxe6 20. Rh5 Qf6 21. Rxh7 $18) 19. Qe2 Rf8
20. Nxh7 Qc1+ 21. Qd1 Qxd1+ 22. Kxd1 a6 23. Rd5 Rxf2 24. Rg8+ Ke7 25. Bg6 $1 d6
26. Re8+ Kd7 27. Ke1 Rf5 (27... Ne7 28. Kxf2 Nxd5 29. cxd5 $18) 28. Nf8+ Rxf8
29. Rxf8 $18) 17. Ng5 {Droht Dh5+ nebst Tf3 und gewinnt.} Qh4 (17... h5 18.
Bg6+ Ke7 19. Nf7 Rf8 20. Qxh5 $18 {mit Gewinn}) 18. h3 {Vergibt sich noch
nichts, obwohl es drei wesentlich stärkere Fortsetzungen gibt:} (18. Rb5 $18)
(18. Qf3 $18) (18. Qe2 $18) 18... Rb8 19. Qg4 $6 {Bei weitem nicht die beste
Wahl. Mitten im Angriffswirbel tauscht man keine Damen.} (19. Rg4 $1 Qh6 20.
Qf3 $18) 19... Qxg4 20. Rxg4 $6 {Erneut nicht die beste Fortsetzung, aber zum
Glück für Weiss noch immer vorteilhaft.} h5 21. Rh4 $6 {Auf einen
wirkungsloseren Platz kann man den Turm nicht stellen; Tf4 war gut.} Rg8 $2 {
Weshalb die "Unergründliche" seinen h-Bauer freiwillig hergibt, bleibt
schleierhaft.} 22. Rxh5 $18 {Mit Mehrbauer, massiv besserer Entwicklung und
einem gefährlichen Freibauer auf der h-Linie hat Weiss eine leicht gewonnene
Stellung erreicht.} b6 23. h4 Ba6 24. Rh7 e5 25. Nf3 {Nicht notwendig, denn ...
exd4 war keine echte Drohung, weil dann die weissen Kräfte wie eine
Heuschreckenplage in die gegnerische Stellung eindringen würden.} ({1.
Gewinnweg} 25. Kd2 exd4 26. Bf5 Bxc4 (26... Rd8 27. Re1+ Ne5 28. Rxe5+ Kf8 29.
Rf7#) 27. Bxd7+ Kf8 28. Bxc6 $18) ({2. Gewinnweg} 25. d5 Ne7 26. Kd2 Rf8 27.
Re1 d6 28. Ne6 Rxf2+ 29. Ke3 Rg2 30. Nxc7+ Kd7 31. Nxa6 $18) 25... exd4 26.
cxd4 Kd8 27. d5 Re8+ 28. Kd2 Na5 29. Kc3 {Selbst mit zweit- und drittbesten
Zügen hat Weiss eine gewonnene Stellung erreicht.} Nb7 30. Bg6 Rf8 31. Ne5 Nc5
32. f4 Bb7 33. Nf7+ Ke7 34. h5 (34. Re1+ {ist noch einfacher}) 34... Na4+ 35.
Kd4 Bc8 {Gerät in ein Mattnetz, weshalb ...Txf7 notwendig war.} 36. Re1+ Kf6
37. Ne5 {Erkennt das Matt in 4 Zügen nicht.} (37. Nh6 c5+ 38. Ke3 Re8+ 39.
Bxe8 b5 40. Rf7#) 37... c5+ 38. dxc6 (38. Kd3 {wäre Matt in 6 Zügen}) 38...
dxc6 39. Nxc6 Rb7 {Der Rest ist Agonie.} 40. Nb4 Rxh7 41. Nd5+ Kg7 42. Re7+ Kg8
43. Bxh7+ Kh8 44. Bc2 Rd8 45. Bxa4 Bg4 46. h6 Rd6 47. h7 Re6 48. Rxa7 Bf5 49.
Rb7 Bxh7 50. Rxb6 Rxb6 51. Nxb6 Bb1 52. a3 Kg7 {***AUFGEGEBEN***} 1-0

[Event "Match 70__120'/40"]
[Site "Zürich"]
[Date "2022.??.??"]
[Round "17"]
[White "CXG Sphinx 40 most agg"]
[Black "CXG Sphinx Legend"]
[Result "1/2-1/2"]
[WhiteElo "1780"]
[BlackElo "1816"]
[Annotator "Utzinger,K"]
[PlyCount "73"]
[EventDate "2022.??.??"]

{[%evp 0,73,27,17,17,17,17,3,17,27,24,24,20,10,18,0,10,21,15,15,25,25,27,3,2,
-3,42,57,68,56,64,37,75,99,120,0,10,5,91,91,107,95,88,71,102,102,109,106,123,
74,74,72,72,51,54,29,54,14,51,25,29,0,-4,0,29,0,0,0,0,0,0,0,0,0,0,0]} 1. e4 e5
{Match 120'/40 | Bediener: Rolf Bühler | 17. Partie: remis | Zwischenstand: 9,
0-8,0 (52,9%) für die Sphinx Legend | Die Spanische Abtauschvariante mit 5.
0-0 f6 behandelt Schwarz im Mittelspiel nicht optimal. Bei den dadurch dem
Gegner eingeräumten Vorteile geht es nur darum, ob es Weiss gelingt, seine
Gewinnchancen zu nutzen. Das war dann in der (zu) schwierigen Spielphase nicht
möglich und die CXG Sphinx Legend entgeht mit Glück einer Niederlage.} 2. Nf3
Nc6 3. Bb5 a6 4. Bxc6 dxc6 5. O-O f6 6. d4 Bg4 {***ENDE BUCH***} 7. dxe5 Qxd1
8. Rxd1 fxe5 9. Rd3 Bxf3 10. gxf3 {***ENDE BUCH***} (10. Rxf3 Nf6 11. Nc3 Bb4
12. Bg5 Bxc3 13. Rxc3 Nxe4 14. Re3 Nxg5 15. Rxe5+ Kf7 16. Rxg5 Rad8 17. Kf1 Rd2
18. Rc5 Rhd8 19. Re1 R8d5 20. Rc3 Rf5 21. Re2 Rd1+ 22. Re1 Rd2 23. Re2 {
1/2-1/2 (23) Vovk,A (2641)-Gledura,B (2585) Hungary 2017}) 10... Bd6 {Andere
beliebte Fortsetzungen sind ...Sf6 und ...Td8, wobei der letztere Zug die
beste Performance im Fernschach hat.} 11. Bg5 {Das bringt gar nichts ausser
einem Tempoverlust, wenn Schwarz ...h6 zieht, ein Zug, den er im Hinblick auf
einmal ...g5 und ...Sh5 nebst ...Sf4 so oder so spielen möchte.} Nf6 12. Nd2
O-O-O (12... b5 $1 $14 {um die folgende Antwort zu vermeiden, ist genauer.})
13. Nc4 $16 {Weiss steht besser.} b5 $6 (13... h6 $14 {ist die bessere Wahl})
14. Na5 c5 15. c4 $16 {Weiss steht jetzt besser.} h6 $146 ({Vorgänger:} 15...
Rd7 16. Rad1 Rf7 17. cxb5 axb5 18. Rb3 b4 19. Nc4 Ne8 20. Rd5 h6 21. Bh4 Kb7 {
1-0 (38) Ivanov,A (2577)-Shen,Y (2446) Moscow 2007}) 16. Be3 Rde8 (16... g5 {
ist stellungsgerechter, um die Schwäche f3 festzulegen.}) 17. Rad1 (17. cxb5
axb5 18. a4 b4 19. Rc1 $16 {und Weiss ist deutlich im Vorteil}) 17... Re6 18.
Rb3 bxc4 {Hier war ...b4 weniger verpflichtend.} 19. Nxc4 $18 {Droht Sxd6 cxd6,
Tb6 mit Bauerngewinn} Be7 20. Rbd3 g5 {Weiss hat einen Riesenspringer auf c4,
beherrscht mit seinen Türmen die offene d-Linie, während Schwarz noch an den
schlecht platzierten Türmen krankt. Trotz allem ist Schwerarbeit angesagt, um
konkret Fortschritte zu machen.} 21. Bd2 {Will den Läufer nach c3 bringen.}
Rd8 22. Rxd8+ Bxd8 {Der Turmtausch hat dem Schwarzen keine echte Erleichterung
gebracht.} 23. Kg2 Nh5 24. Kf1 Nf4 $2 {Das kann direkt in ein technisch
verlorenes Endspiel münden, wovon unsere Oldies keine Ahnung haben.} (24...
Be7 {bietet günstigere Verteidigungsmöglichkeiten.}) 25. Bc1 {Der
Springertausch gewinnt sicher.} (25. Bxf4 exf4 (25... gxf4 26. Rd5 $18) 26. e5
$1 Re8 (26... Be7 27. Ke2 Bf8 28. Kd3 Bg7 29. Ke4) 27. Ke2 Be7 28. Rd5 Rd8 29.
Rxd8+ Kxd8 30. Kd3 Kd7 31. Ke4 Ke6 32. a4 h5 33. h3 Bf8 34. Na5 Bg7 35. Nc6 Bh8
36. b3 Bg7 37. Nd8+ Kd7 38. Nf7 g4 39. fxg4 hxg4 40. hxg4 Kc6 41. Ng5 Bf8 42.
Ne6 Be7 43. f3 $18) 25... Be7 $2 {Richtig war 25...Lf6, weil sich nach dem
Springertausch 26.Lxf4 exf4 der schwarze Läufer auf d4 festsetzen könnte.}
26. Bxf4 exf4 27. Re1 $6 {Verpasst den mit 27.Td5! möglichen Gewinn.} Kd7 $2 {
Auch hier leistet 27...Lf6 erbitterten Widerstand.} 28. b3 $6 (28. Rd1+ Kc8 29.
Rd5 c6 30. Rd3 $16 {mit noch exzellenten Gewinnchancen für Weiss}) 28... Kc6
$2 {Verpasst erneut die starke Verteidigung mit ...Lf6.} 29. e5 $2 {Aber auch
Weiss findet das starke 29.Td1 nicht.} Bf8 $11 {Plötzlich herrscht wieder
Ausgleich.} 30. Ke2 Bg7 31. Kf1 Bf8 32. h3 Bg7 33. Kg2 Kd5 34. Rd1+ Kc6 35. Re1
Kd5 36. Rd1+ Kc6 37. Re1 {***3x REMIS***} 1/2-1/2